Mechanical metallurgy (Record no. 25704)

000 -LEADER
fixed length control field 00503nam a22001937a 4500
001 - CONTROL NUMBER
control field 25704
003 - CONTROL NUMBER IDENTIFIER
control field BD-DhUET
008 - FIXED-LENGTH DATA ELEMENTS--GENERAL INFORMATION
fixed length control field 150516b xxu||||| |||| 00| 0 eng d
040 ## - CATALOGING SOURCE
Transcribing agency 0
Modifying agency BD-DhUET
082 ## - DEWEY DECIMAL CLASSIFICATION NUMBER
Classification number 669.94
Item number DIE/1961
100 ## - MAIN ENTRY--PERSONAL NAME
Personal name Dieter, E. George
245 ## - TITLE STATEMENT
Title Mechanical metallurgy
250 ## - EDITION STATEMENT
Edition statement 1st ed.
260 ## - PUBLICATION, DISTRIBUTION, ETC. (IMPRINT)
Place of publication, distribution, etc. London
Name of publisher, distributor, etc. McGraw-Hill
Date of publication, distribution, etc. 1961
300 ## - PHYSICAL DESCRIPTION
Extent xix, 615p.
Other physical details ill
490 ## - SERIES STATEMENT
Series statement Metallurgy and metallurgical engineering series
650 #0 - SUBJECT ADDED ENTRY--TOPICAL TERM
Topical term or geographic name as entry element Strength of materials
942 ## - ADDED ENTRY ELEMENTS (KOHA)
Koha item type General Book
Holdings
Koha full call number Date acquired Not for loan Sublocation or collection (holding branch) Koha issues (times borrowed) Withdrawn status Koha date last borrowed Source of classification or shelving scheme Price effective from Lost status Shelving location Location (home branch) Piece designation (barcode) Damaged status Koha out on loan Koha date last seen Koha item type Koha normalized classification for sorting Copy number
669.94/DIE/19612015-05-16 Central Library, BUET    2015-05-16 Circulation sectionCentral Library, BUET7380  2015-05-16General Book669_940000000000000_DIE_19611
669.94/DIE/19612015-05-16 Central Library, BUET    2015-05-16 Circulation sectionCentral Library, BUET20408  2015-05-16General Book669_940000000000000_DIE_19612
669.94/DIE/19612015-05-16 Central Library, BUET    2015-05-16 Circulation sectionCentral Library, BUET11400  2015-05-16General Book669_940000000000000_DIE_19613
669.94/DIE/19612015-05-16 Central Library, BUET    2015-05-16 Circulation sectionCentral Library, BUET31952  2015-05-16General Book669_940000000000000_DIE_19614
669.94/DIE/19612015-05-19 Central Library, BUET    2015-05-19 Circulation sectionCentral Library, BUET31933  2015-05-19General Book669_940000000000000_DIE_19615
669.94/DIE/19612015-05-20 Central Library, BUET2 2024-03-04 2015-05-20 Circulation sectionCentral Library, BUET54704  2024-05-26General Book669_940000000000000_DIE_19616
669.94/DIE/19612015-05-21 Central Library, BUET    2015-05-21 Circulation sectionCentral Library, BUET24464  2015-05-21General Book669_940000000000000_DIE_19617
669.94/DIE/19612015-05-21 Central Library, BUET1 2018-08-08 2015-05-21 Circulation sectionCentral Library, BUET20407  2018-10-06General Book669_940000000000000_DIE_19618
669.94/DIE/19612015-05-23 Central Library, BUET    2015-05-23 Circulation sectionCentral Library, BUET31936  2017-03-11General Book669_940000000000000_DIE_19619
669.94/DIE/19612015-05-23 Central Library, BUET1 2025-04-30 2015-05-23 Circulation sectionCentral Library, BUET31935 2025-05-142025-04-30General Book669_940000000000000_DIE_196110
669.94/DIE/19612015-06-17 Central Library, BUET    2015-06-17 Reading sectionCentral Library, BUET24463  2015-06-17General Book669_940000000000000_DIE_196111
669.94/DIE/19612015-06-27 Central Library, BUET    2015-06-27 Reading sectionCentral Library, BUET36043  2015-06-27Reading Item669_940000000000000_DIE_196112